000 02836nam a22002417a 4500
999 _c58626
_d58626
003 Ge_BSU
005 20220617120631.0
008 220617s2018 ge ||||| |||| 00| 0 geo d
020 _a9789941249846
041 _ageo
080 _a913(479.22)(084.4) ს-32
245 _aსაქართველოს გეოგრაფიული ატლასი /
_cივანე ჯავახიშვილის სახელობის თბილისის სახელმწიფო უნივერსიტეტი, ვახუშტი ბაგრატიონის სახელობის გეოგრაფიის ინსტიტუტი ; შემდგენლები: გესლაიძე ნინო, ირემაშვილი ანა, კუმლაძე რომან [და სხვ.] ; მაკეტის კონცეფცია, ტექსტი და ფოტოების შერჩევა: გულიკო ლიპარტელიანი, მანანა ქურთუბაძე ; რუკების ავტორები და თანაავტორები: ასლანიკაშვილი ალექსანდრე, ბასილაშვილი ცისანა, ბაცაცაშვილი ქეთევან [და სხვ.] ; რედაქტორები: ნანა ბოლაშვილი, რევაზ გაჩეჩილაძე, ვაჟა ნეიძე, ლევან ტიელიძე.
264 _aთბილისი :
_bპალიტრა L,
_c2018.
300 _a184 გვ. :
_b რუკები, ფოტ. ;
_c31 სმ.
500 _a ატლასი ეძღვნება XX საუკუნის თვალსაჩინო გეოგრაფსა და კარტოგრაფს ალექსანდრე ასლანიკაშვილს (1916-1981).
504 _a ბიბლიოგრაფია: გვ. 174-182
653 _aსაქართველოს გეოგრაფიული ატლასი.
700 _aგესლაიძე, ნინო
_eშემდგენელი
_914128
700 _aირემაშვილი, ანა და სხვ.
_eშემდგენელი
_914129
700 _aტიელიძე, ლევან
_eრედაქტორი
_914130
710 _aივანე ჯავახიშვილის სახელობის თბილისის სახელმწიფო უნივერსიტეტი. ვახუშტი ბაგრატიონის სახელობის გეოგრაფიის ინსტიტუტი
_914131
942 _2udc
_cBK